000 00790nam a2200277Ia 4500
003 OSt
005 20220925212436.0
006 a|||||r|||| 00| 0
007 ta
008 220923b |||||||| |||| 00| 0 eng d
020 _a0 04 3011462
037 _cGeneral Book
040 _aRTL
_cRTL
_beng
041 _2eng
_aeng
082 _aY53, M3
100 _aAbercrombie Nicholas
_9138565
245 0 _aCapital , labour and the middle classes
260 _aLondon
_bAllen & Unwin
_c1983
300 _avi, 169p
_ccm.
490 _aControversies in sociology .15
500 _aBibiliography P 155-65
650 _aMiddle Class
_9236021
700 _a Urry John
_920852
942 _hY53, M3
_cGB
_2CC
999 _c560370
_d560370